[Event "Elite Hotels Vaxjo Open"]
[Site "masterchessopen.com Vaxjo SWE"]
[Date "2017.02.12"]
[Round "8.17"]
[White "Hogeman,Joel"]
[Black "Ostergaard,J"]
[Result "0-1"]
[WhiteElo "2053"]
[BlackElo "2232"]

1.d4 Nf6 2.c4 e6 3.Nc3 d5 4.cxd5 exd5 5.Bg5 Be7 6.e3 c6 7.Bd3 O-O 8.Qc2 Nbd7
9.Nf3 Re8 10.h3 Nf8 11.Bf4 Bd6 12.Bxd6 Qxd6 13.O-O Ng6 14.Rab1 Bd7 15.b4 Rac8
16.Rfc1 Be6 17.b5 c5 18.dxc5 Rxc5 19.Qb2 Ne5 20.Nxe5 Qxe5 21.Ne2 Qxb2 22.Rxb2
Rxc1+ 23.Nxc1 Rc8 24.Rc2 Rxc2 25.Bxc2 Kf8 26.Kf1 Ke7 27.Ke2 Kd6 28.a4 Kc5
29.Nb3+ Kb4 30.Nd4 Bd7 31.f3 g6 32.Kd3 a6 33.g4 h6 34.h4 axb5 35.axb5 Bxb5+
36.Nxb5 Kxb5 37.Kd4 Kc6 38.Bb3 g5 39.hxg5 hxg5 40.Ke5 Nd7+ 41.Kf5 f6 42.Ba2
Kd6 43.f4 gxf4 44.exf4 b5 45.g5 fxg5 46.fxg5 Ne5 47.Bb3 Nf3 48.Kf6 Nh4 49.g6
Nxg6 50.Kxg6 Ke5 51.Kf7 d4 52.Ke7 d3 53.Kd7 Kd4 54.Kc6 Kc3 55.Bd1 b4 {#R} 0-1

[Event "Elite Hotels Vaxjo Open"]
[Site "masterchessopen.com Vaxjo SWE"]
[Date "2017.02.12"]
[Round "8.18"]
[White "Johansson,G1"]
[Black "Horn,E"]
[Result "1-0"]
[WhiteElo "2226"]
[BlackElo "2048"]

1.d4 d5 2.c4 c6 3.Nc3 Nf6 4.e3 a6 5.Qc2 b5 6.b3 g6 7.Bd3 Bg7 8.Nf3 O-O 9.O-O
dxc4 10.bxc4 Nfd7 11.Rb1 e5 12.dxe5 Nxe5 13.Nxe5 Bxe5 14.Rd1 Qh4 15.f4 Bg7
16.a4 Bg4 17.Rf1 bxc4 18.Bxc4 Nd7 19.e4 Qf6 20.Ne2 Bxe2 21.Qxe2 Qd4+ 22.Kh1
Nc5 23.Be3 Qd6 24.e5 Qe7 25.a5 Rfe8 26.Rb6 Bf8 27.Rxc6 Nb7 28.Rf6 Nd8 29.Rxa6
Rxa6 30.Bxa6 Qa3 31.Bb5 Re6 32.a6 Nc6 33.Qd3 Qa5 34.Qc4 {#r} 1-0

[Event "83rd ch-BRA 2017"]
[Site "masterchessopen.com Rio de Janeiro BRA"]
[Date "2017.02.12"]
[Round "9.1"]
[White "Souza Neves,A"]
[Black "Fier,A"]
[Result "0-1"]
[WhiteElo "2218"]
[BlackElo "2581"]

1.d4 Nf6 2.c4 c5 3.d5 e6 4.Nc3 exd5 5.cxd5 d6 6.Nf3 g6 7.Bf4 Bg7 8.e3 O-O
9.Be2 Na6 10.h3 Nc7 11.a4 Na6 12.O-O Nb4 13.e4 b6 14.Nd2 Re8 15.Re1 a6 16.Bh2
Ra7 17.Bf1 Rae7 18.Nc4 Nxe4 19.Nxe4 Rxe4 20.Rxe4 Rxe4 21.Nxd6 Re7 22.Nxc8 Qxc8
23.d6 Rd7 24.Qb3 Bf8 25.Rd1 Qd8 26.Bc4 Nc6 27.Qf3 Nd4 28.Qd5 Nf5 29.g4 Bxd6
30.Bxd6 Nxd6 31.Bxa6 Qf6 32.Rd3 Qe7 33.Qc6 Kg7 34.Qxb6 Qe1+ 35.Kg2 Ne4 36.Rf3
Rd1 37.Rxf7+ Kh6 38.Rxh7+ Kxh7 39.Qc7+ Kh6 40.Qf4+ Ng5 {#R} 0-1

[Event "83rd ch-BRA 2017"]
[Site "masterchessopen.com Rio de Janeiro BRA"]
[Date "2017.02.12"]
[Round "9.3"]
[White "Pinto,C"]
[Black "De Paula,Rafael Figueiredo"]
[Result "0-1"]
[WhiteElo "2121"]
[BlackElo "2322"]

1.d4 Nf6 2.c4 e6 3.g3 c5 4.Nf3 cxd4 5.Nxd4 d5 6.Bg2 Bb4+ 7.Bd2 Be7 8.cxd5 Nxd5
9.Nc3 Nb6 10.Bf4 a6 11.Rc1 O-O 12.O-O N8d7 13.Nb3 e5 14.Bd2 Rb8 15.Qc2 Nf6
16.Rfd1 Qe8 17.Be3 Nc4 18.Bg5 b5 19.Nd2 Be6 20.Nxc4 bxc4 21.Bxf6 Bxf6 22.Nd5
Bg5 23.e3 Qb5 24.Qxc4 Qxb2 25.Qxa6 Kh8 26.h4 Bh6 27.a4 Rfd8 28.Qf1 Qb3 29.Qc4
Qb7 30.Qc7 Qb3 31.a5 g6 32.a6 Rd7 33.Qa5 Rb5 34.Qa1 Rbxd5 35.Rxd5 Rxd5 36.Bxd5
Bxd5 37.Qxe5+ Kg8 38.a7 Bf8 39.Kh2 Qb7 40.Qb8 Qa6 41.Rc8 Qa3 42.a8=Q Bxa8
43.Qxa8 Qb4 44.Qc6 Qe7 45.e4 h5 46.Rc7 Qe5 47.f4 Qd4 48.Qc4 Qf6 49.e5 Qf5
50.Rc8 Kg7 51.Qc3 Bb4 52.Qc7 Qg4 53.Qc4 Be1 54.Qc5 Bxg3+ 55.Kh1 Qxh4+ 56.Kg1
Bh2+ 57.Kg2 Qg3+ 58.Kh1 Kh7 59.e6 Qh3 60.exf7 Bxf4+ 61.Kg1 Be3+ 62.Qxe3 Qxe3+
{#R} 0-1

[Event "83rd ch-BRA 2017"]
[Site "masterchessopen.com Rio de Janeiro BRA"]
[Date "2017.02.12"]
[Round "9.4"]
[White "Jatoba de Oliveira Reis,P"]
[Black "Mekhitarian,K"]
[Result "1-0"]
[WhiteElo "2397"]
[BlackElo "2561"]

1.Nf3 Nf6 2.g3 d5 3.Bg2 g6 4.b3 Bg7 5.Bb2 c5 6.c4 d4 7.b4 O-O 8.O-O Re8 9.bxc5
Nc6 10.d3 e5 11.Nbd2 Bf8 12.Nb3 Nd7 13.Ba3 a5 14.Ne1 a4 15.Nd2 Bxc5 16.Nc2 Qe7
17.Qc1 f5 18.Rb1 Ra5 19.Rb5 Rxb5 20.cxb5 Na5 21.Qb2 Bxa3 22.Nxa3 Nb6 23.Re1
Be6 24.e3 dxe3 25.Rxe3 Bf7 26.Re1 Nd5 27.Nac4 Nxc4 28.Nxc4 Qb4 29.Rxe5 Rxe5
30.Qxe5 Qb1+ 31.Bf1 Qxb5 32.Nd6 Qd7 33.d4 Nb4 34.Nxf7 Qxf7 35.Qb5 Qe7 36.Qxa4
Kg7 37.Qb3 Nc6 38.d5 Nd4 39.Qb2 Qe5 40.Qxb7+ Kh6 41.d6 Qxd6 42.a4 Qa3 43.Bb5
Nf3+ 44.Kg2 Ne1+ 45.Kf1 Nf3 46.Qa7 Qa1+ 47.Kg2 Ne1+ 48.Kh3 Qd1 49.Qe3+ Kg7
50.Qe7+ Kh6 51.Qe2 Qa1 52.Qe3+ Kg7 53.Qe7+ Kh6 54.Qf8+ Qg7 55.Qxg7+ Kxg7 56.a5
Kh6 57.f4 g5 58.fxg5+ Kxg5 59.a6 {#r} 1-0

[Event "83rd ch-BRA 2017"]
[Site "masterchessopen.com Rio de Janeiro BRA"]
[Date "2017.02.12"]
[Round "9.5"]
[White "El Debs,F"]
[Black "Nogueira,I"]
[Result "1-0"]
[WhiteElo "2523"]
[BlackElo "2308"]

1.e4 e5 2.Nf3 Nc6 3.Bc4 Bc5 4.c3 Qe7 5.O-O d6 6.d4 Bb6 7.a4 a6 8.Re1 Bg4 9.d5
Nd8 10.a5 Ba7 11.b4 Qf6 12.Be3 Bxe3 13.Rxe3 Ne7 14.h3 Bd7 15.Bf1 g6 16.c4 Qg7
17.Nbd2 f5 18.c5 dxc5 19.exf5 cxb4 20.f6 Qxf6 21.Ne4 Qg7 22.d6 Nf5 23.dxc7 Nf7
24.Re1 Bc6 25.Bc4 h6 26.Bxf7+ Kxf7 27.Nxe5+ Kg8 28.Qd8+ Qf8 29.Nxc6 bxc6
30.Nf6+ Kf7 31.Qd7+ Ne7 32.Qe6+ Kg7 33.Nd7 {#r} 1-0

[Event "90th Veliko Tarnovo GM"]
[Site "masterchessopen.com Veliko Tarnovo BUL"]
[Date "2017.02.12"]
[Round "9.1"]
[White "Nikolovski,Nikola"]
[Black "Yordanov,Nikolay2"]
[Result "1-0"]
[WhiteElo "2311"]
[BlackElo "2144"]

1.e4 d5 2.exd5 Nf6 3.c4 e6 4.dxe6 Bxe6 5.Nf3 Qe7 6.Qe2 Nc6 7.d4 Qb4+ 8.Nc3
O-O-O 9.Be3 Ne4 10.Qc2 Nxc3 11.bxc3 Qa5 12.Bd3 Bg4 13.O-O Bxf3 14.Bf5+ Kb8
15.gxf3 Ne7 16.Be4 Qh5 17.Rfb1 c6 18.Bf4+ Ka8 19.Qb3 b6 20.Qa4 Kb7 21.c5 Nd5
22.cxb6 axb6 23.c4 {#r} 1-0

[Event "90th Veliko Tarnovo GM"]
[Site "masterchessopen.com Veliko Tarnovo BUL"]
[Date "2017.02.12"]
[Round "9.3"]
[White "Ninov,N"]
[Black "Stefanov,Emil"]
[Result "0-1"]
[WhiteElo "2459"]
[BlackElo "2458"]

1.e4 e5 2.Nf3 Nc6 3.Bc4 Nf6 4.Ng5 d5 5.exd5 b5 6.Bf1 Nd4 7.c3 Nxd5 8.cxd4 Qxg5
9.Bxb5+ Kd8 10.Qf3 exd4 11.Bc6 Nf4 12.g3 Nh3 13.Bxa8 Bd6 14.Kf1 Re8 15.Nc3 Bg4
16.Qd3 Qh5 17.Bc6 Re6 18.Qxd4 Nf4 19.h4 Be2+ 20.Nxe2 Qxe2+ 21.Kg1 Qg4 22.Qe3
Rxe3 23.dxe3 Ne2+ 24.Kg2 Nxg3 25.Bf3 Qg6 26.Rd1 Nf5+ 27.Kf1 Nxh4 28.Bh1 Qf5
29.Bd2 Ke7 30.Bc3 h5 31.Rd5 Qh3+ 32.Ke2 Qg4+ 33.Kf1 Nf3 34.Rad1 h4 35.Bxf3
Qxf3 36.Be5 h3 37.R1d4 f6 38.Bxd6+ cxd6 39.Ra5 h2 {#R} 0-1

[Event "TCh-BEL 2016-17"]
[Site "masterchessopen.com Belgium BEL"]
[Date "2017.02.12"]
[Round "7.1"]
[White "Lahaye,R"]
[Black "Bok,B"]
[Result "0-1"]
[WhiteElo "2361"]
[BlackElo "2594"]
[EventType "team"]

1.d4 Nf6 2.Nf3 d5 3.g3 Bf5 4.Bg2 e6 5.O-O Be7 6.c4 c6 7.Nc3 h6 8.Nd2 O-O 9.e4
dxe4 10.Ndxe4 Nbd7 11.Be3 Qa5 12.Qb3 Qb4 13.Rfd1 Nxe4 14.Nxe4 Rfd8 15.h3 a5
16.Rac1 Nf6 17.Nc3 a4 18.Qxb4 Bxb4 19.g4 Bg6 20.a3 Bxc3 21.bxc3 Rd7 22.Rd2 Ne4
23.Rb2 Nd6 24.Bf1 b5 25.cxb5 cxb5 26.Bf4 Nc4 27.Rxb5 Nxa3 28.Rb2 Rc8 29.Ra2
Nb1 30.Bb5 Rdd8 31.c4 Rxd4 32.Be3 Rd3 33.Rxb1 Rxe3 34.fxe3 Bxb1 35.Rxa4 g5
36.Kf2 Be4 37.Ra6 Kg7 38.Ra7 Kf6 39.Kg3 Rc5 40.Rd7 Rc8 41.Ra7 Rd8 42.Bd7 Ke5
43.h4 Ra8 44.Rxa8 Bxa8 45.hxg5 hxg5 46.Be8 f6 47.Ba4 Kd6 48.Kf2 Bb7 49.Ke2 Ba6
50.Kd3 Kc5 51.Ke2 Bxc4+ 52.Kf2 Bb5 53.Bb3 Bd7 54.Bc2 Kc4 55.Be4 Kc3 56.Ke2
Bb5+ 57.Ke1 Ba6 58.Bg6 Bc4 59.Bh7 Bb3 60.Bg6 Bc2 61.Bf7 Bb3 62.Bg6 Bc4 63.Bh7
Ba6 64.Be4 Bc8 65.Ke2 Bd7 66.Bg6 Bc6 67.Bh7 Bb5+ 68.Ke1 Ba4 69.Bg6 Bb3 70.Bh7
Bd5 71.Ke2 Bb7 72.Bg6 Bc8 73.Be4 Bd7 74.Bg6 Kb2 75.Be4 Kc1 76.Ke1 Ba4 77.Bf3
Bb3 78.Be2 Ba4 79.Bc4 Bd7 80.Bd3 e5 81.Be2 e4 82.Bd1 Be6 83.Be2 Kc2 84.Bd1+
Kd3 85.Kf2 Kd2 86.Be2 Bd7 {#R} 0-1

[Event "TCh-BEL 2016-17"]
[Site "masterchessopen.com Belgium BEL"]
[Date "2017.02.12"]
[Round "7.2"]
[White "Burg,T"]
[Black "Beeckmans,F"]
[Result "1-0"]
[WhiteElo "2495"]
[BlackElo "2320"]
[EventType "team"]

1.c4 d6 2.Nc3 e5 3.Nf3 f5 4.d4 e4 5.Ng5 g6 6.Nh3 Bg7 7.Nf4 Nf6 8.h4 Kf7 9.h5
Re8 10.hxg6+ hxg6 11.Nh3 Nh7 12.Bf4 g5 13.Bh2 c5 14.d5 e3 15.fxe3 Rxe3 16.Qd2
f4 17.Bg1 Rxc3 18.bxc3 Qa5 19.Rc1 Bxh3 20.gxh3 Nf6 21.Bg2 Nbd7 22.h4 Bh6
23.hxg5 Bxg5 24.Bh2 Ne5 25.O-O Ng6 26.e3 fxe3 27.Qe2 Rh8 28.Rf5 Bh4 29.Qxe3
Kg7 30.Rcf1 Qd8 31.Bg3 Ng4 32.Rf7+ Kg8 33.Qe6 {#r} 1-0

[Event "TCh-BEL 2016-17"]
[Site "masterchessopen.com Belgium BEL"]
[Date "2017.02.12"]
[Round "7.3"]
[White "Pel,B"]
[Black "Zaragatski,I"]
[Result "0-1"]
[WhiteElo "2289"]
[BlackElo "2502"]
[EventType "team"]

1.Nc3 d5 2.e4 e6 3.g3 d4 4.Nce2 c5 5.d3 Nc6 6.f4 f5 7.Nh3 fxe4 8.dxe4 Be7
9.Bg2 Nh6 10.O-O O-O 11.Nf2 Kh8 12.Kh1 e5 13.Ng1 exf4 14.gxf4 b6 15.Nf3 Ng4
16.Nxg4 Bxg4 17.Qe1 Qe8 18.Qg3 Qh5 19.Bd2 Rae8 20.h3 Bd7 21.c3 Bd8 22.cxd4
cxd4 23.Rae1 Bc7 24.e5 b5 25.Ng5 Ne7 26.e6 Bc8 27.Qg4 Qxg4 28.hxg4 h5 29.Be4
hxg4 30.Kg2 Rf6 31.f5 Kg8 32.Bb4 Rh6 33.Rh1 Bf4 34.Nf7 Rh3 35.Ref1 Nxf5
36.Rxf4 Bxe6 37.Ng5 Ne3+ 38.Kg1 Rxh1+ 39.Kxh1 Bxa2 40.Bc6 Bd5+ 41.Bxd5+ Nxd5
42.Rxd4 Nxb4 43.Rxb4 Re5 44.Ne4 a5 45.Rd4 Kf7 46.Kg2 Ke6 47.Ng3 Rd5 48.Re4+
Kd6 49.Re2 Kc5 50.Kf2 a4 51.Ne4+ Kc4 52.Nd2+ Kd3 53.Nf1 Rf5+ 54.Ke1 Rf3 55.Rg2
Rf4 56.Rd2+ Kc4 57.Ne3+ Kb3 58.Nd1 Re4+ 59.Kf2 b4 60.Rd7 Kc2 61.Rd5 Kc1 62.Rd7
Rc4 63.Ne3 Rf4+ 64.Ke2 Kxb2 65.Nd5 Rd4 66.Ke3 Rd1 67.Ke2 Rd4 68.Ke3 Rc4 69.Nb6
Rc3+ 70.Kd2 Kb3 71.Nd5 Rc5 72.Ne3 a3 73.Ra7 a2 {#R} 0-1

[Event "TCh-BEL 2016-17"]
[Site "masterchessopen.com Belgium BEL"]
[Date "2017.02.12"]
[Round "7.5"]
[White "Hoffmann,Ud"]
[Black "Tan,Mat"]
[Result "0-1"]
[WhiteElo "2239"]
[BlackElo "2430"]
[EventType "team"]

1.e4 e6 2.d4 d5 3.Nc3 Bb4 4.e5 Ne7 5.Bd2 b6 6.f4 Ba6 7.Nb5 Bxd2+ 8.Qxd2 O-O
9.Nf3 Qd7 10.a4 c6 11.Nd6 Bxf1 12.Rxf1 f5 13.a5 Na6 14.Qe2 Nc7 15.Kf2 Rfb8
16.Ng5 Nc8 17.Kg1 h6 18.Nxc8 Rxc8 19.Nf3 c5 20.c3 Qb5 21.Qf2 c4 22.axb6 axb6
23.h3 Ra5 24.g4 Rca8 25.Rab1 Qe8 26.Nh4 Qf7 27.Qg3 Ra2 28.Kh1 b5 29.Rg1 Ne8
30.g5 Qh5 31.gxh6 Qxh6 32.Qf2 b4 33.Rg6 Qh5 34.Rg5 Qh7 35.Qg3 Ra1 36.Rxa1
Rxa1+ 37.Kh2 Ra2 38.Rg6 Rxb2+ 39.Kg1 Qh5 40.Ng2 bxc3 {#R} 0-1

[Event "TCh-BEL 2016-17"]
[Site "masterchessopen.com Belgium BEL"]
[Date "2017.02.12"]
[Round "7.6"]
[White "Braun,Christi2"]
[Black "De Wit,M"]
[Result "1-0"]
[WhiteElo "2376"]
[BlackElo "2196"]
[EventType "team"]

1.e4 e5 2.Nf3 Nc6 3.Bc4 Nf6 4.d3 Be7 5.O-O O-O 6.Nc3 d6 7.a3 Be6 8.Nd5 Qd7
9.c3 Nd8 10.Ng5 c6 11.Nxe6 Nxe6 12.Nxe7+ Qxe7 13.Ba2 Rad8 14.Re1 c5 15.Qf3 b5
16.Be3 Qc7 17.a4 bxa4 18.Bc4 Nd7 19.Rxa4 Nb6 20.Ra2 Nxc4 21.dxc4 Rb8 22.Qd1
Nd8 23.Qd5 Nc6 24.Ra6 Rbc8 25.Rea1 Rfd8 26.h3 Kh8 27.R1a4 f6 28.b4 cxb4
29.cxb4 Nb8 30.Rxa7 Qxc4 31.Qxc4 Rxc4 32.b5 Rc2 33.Rb7 {#r} 1-0

[Event "TCh-BEL 2016-17"]
[Site "masterchessopen.com Belgium BEL"]
[Date "2017.02.12"]
[Round "7.8"]
[White "Spaan,N"]
[Black "Tan,Jo NED"]
[Result "1-0"]
[WhiteElo "2098"]
[BlackElo "2165"]
[EventType "team"]

1.e4 c5 2.Nf3 d6 3.d4 cxd4 4.Nxd4 Nf6 5.Nc3 a6 6.f4 e5 7.Nf3 Qc7 8.a4 Be7
9.Bd3 O-O 10.O-O Nc6 11.Qe1 exf4 12.Bxf4 Ne5 13.Kh1 Be6 14.Nd4 Rac8 15.Nf5
Bxf5 16.exf5 Nxd3 17.cxd3 Rfe8 18.Qd2 Qa5 19.Bg5 Rc5 20.Qe2 Qd8 21.Qf3 h6
22.Be3 Rc6 23.Bd4 Nd7 24.Nd5 Bf6 25.Nxf6+ Nxf6 26.Rfe1 Rxe1+ 27.Rxe1 Qa5
28.Bc3 Qxa4 29.Qg3 Qg4 30.Re8+ Kh7 31.Qxg4 Nxg4 32.Re7 d5 33.h3 d4 34.Bxd4
Rc1+ 35.Bg1 Nf2+ 36.Kh2 Nxd3 37.Rxf7 Rc6 38.Bd4 Kg8 39.Rxg7+ Kf8 40.Rxb7 {#r}
1-0

[Event "TCh-BEL 2016-17"]
[Site "masterchessopen.com Belgium BEL"]
[Date "2017.02.12"]
[Round "7.4"]
[White "Fiebig,T"]
[Black "Pijpers,A"]
[Result "0-1"]
[WhiteElo "2431"]
[BlackElo "2469"]

1.e4 e6 2.d4 d5 3.Nc3 Nf6 4.e5 Nfd7 5.f4 c5 6.Nf3 Nc6 7.Be3 Be7 8.Qd2 O-O
9.dxc5 Nxc5 10.Bd3 b6 11.Nd4 Bb7 12.Nxc6 Bxc6 13.Ne2 Bh4+ 14.Ng3 d4 15.Bxd4
Qd5 16.Bxc5 bxc5 17.Qe2 Qd4 18.O-O-O Qxf4+ 19.Kb1 Rab8 20.c3 g6 21.Rhf1 Qg5
22.Rf2 Bxg3 23.hxg3 Qxg3 24.Kc2 Rfd8 25.b3 c4 26.Bxc4 Be4+ 27.Qxe4 Qxf2+
28.Qe2 Qxe2+ 29.Bxe2 Rxd1 30.Bxd1 Rb5 31.c4 Rxe5 32.b4 Kf8 33.a4 Re3 34.a5 Ke7
35.c5 Kd7 36.Bf3 Rxf3 37.gxf3 h5 38.Kd3 h4 39.Ke3 e5 40.b5 Kc7 41.a6 f5 {#R}
0-1

[Event "TCh-BEL 2016-17"]
[Site "masterchessopen.com Belgium BEL"]
[Date "2017.02.12"]
[Round "7.6"]
[White "Meessen,R"]
[Black "Van Haastert,E"]
[Result "0-1"]
[WhiteElo "2293"]
[BlackElo "2449"]

1.d4 d5 2.Nc3 Nf6 3.Bf4 c5 4.e3 cxd4 5.exd4 a6 6.Nf3 Nc6 7.Ne5 e6 8.Qd3 Qa5
9.Be2 Be7 10.O-O O-O 11.Nxc6 bxc6 12.Qg3 c5 13.Rfd1 cxd4 14.Rxd4 Qb6 15.Be5 g6
16.Rh4 Nd7 17.Bd4 Bxh4 18.Qxh4 Qd8 19.Qg3 Re8 20.f4 Rb8 21.Bd3 Rxb2 22.a3 Nb8
23.f5 exf5 24.Nxd5 Qxd5 25.Bxb2 Bb7 26.Rf1 Nd7 27.Rxf5 Qxg2+ 28.Qxg2 Bxg2
29.Rf4 Bb7 30.Bc4 Re7 31.Bc3 Nb6 32.Rd4 Rd7 33.Rxd7 Nxd7 34.Kf2 Kf8 35.Ke3 g5
36.Bd3 h5 37.Bf5 Nb6 38.Be4 Nc4+ 39.Kd4 Bxe4 40.Kxe4 g4 41.Kd4 Nb6 42.Be1 Ke7
43.c4 Kd7 44.Bg3 Kc6 45.Bf2 a5 46.Be1 a4 47.Bf2 f6 48.Bh4 Nd7 49.Kc3 Ne5
50.Bxf6 Nf3 51.Kd3 Nxh2 52.Ke2 Nf3 53.Kf2 Kc5 54.Kg3 Kxc4 55.Be7 Ne5 56.Bd6
Ng6 57.Bc7 Kd3 58.Bd6 Ke4 59.Bc7 Kf5 60.Bb6 h4+ 61.Kh2 Ke4 62.Bc7 Kf3 63.Bb6
Nf4 64.Bc5 g3+ 65.Kh1 h3 66.Bb6 Nd3 67.Kg1 h2+ 68.Kh1 Kg4 69.Kg2 Nf4+ 70.Kh1
Kh3 71.Bg1 g2# 0-1

[Event "TCh-BEL 2016-17"]
[Site "masterchessopen.com Belgium BEL"]
[Date "2017.02.12"]
[Round "7.8"]
[White "Klein,Fe"]
[Black "Schoppen,Casper"]
[Result "0-1"]
[WhiteElo "2321"]
[BlackElo "2304"]

1.e4 c5 2.Nf3 Nc6 3.d4 cxd4 4.Nxd4 Nf6 5.Nc3 e5 6.Ndb5 d6 7.Bg5 a6 8.Na3 b5
9.Nd5 Be7 10.Bxf6 Bxf6 11.c4 b4 12.Nc2 a5 13.g3 O-O 14.h4 Be6 15.Bg2 Ne7
16.Nxe7+ Bxe7 17.Ne3 Qb6 18.b3 Ra6 19.O-O Qc5 20.Qe2 Rfa8 21.Rfd1 a4 22.Qe1
axb3 23.axb3 Rxa1 24.Rxa1 Ra3 25.Qb1 Bd8 26.Nc2 Ra5 27.Rxa5 Bxa5 28.Qa2 g6
29.Ne3 Bb6 30.Qd2 Kg7 31.Kh2 Qd4 32.Qc2 Qc3 33.Qd1 Bxe3 34.fxe3 h5 35.Bh3 Qb2+
36.Bg2 Bg4 37.Qd3 Bf3 38.Qf1 Bxe4 39.Kh1 Bxg2+ 40.Qxg2 Qxb3 41.Qe4 Qd1+ 42.Kg2
b3 43.c5 Qc2+ {#R} 0-1

[Event "TCh-BEL 2016-17"]
[Site "masterchessopen.com Belgium BEL"]
[Date "2017.02.12"]
[Round "7.5"]
[White "Laurent,B"]
[Black "De Gueldre,P"]
[Result "0-1"]
[WhiteElo "2360"]
[BlackElo "2199"]

1.e4 e5 2.Nf3 Nc6 3.Bb5 a6 4.Bxc6 dxc6 5.O-O Bg4 6.h3 Bh5 7.d3 Bd6 8.Nbd2 Ne7
9.Qe1 c5 10.Nh2 Nc6 11.Ndf3 Qe7 12.Be3 f6 13.Nh4 Bg6 14.c3 Qd7 15.a3 Bf7
16.Qe2 Bb3 17.N2f3 Bf8 18.Ne1 a5 19.Nhf3 a4 20.Nd2 Bf7 21.f4 Bd6 22.fxe5 fxe5
23.Qf2 b6 24.Qg3 O-O 25.Ndf3 c4 26.Ng5 cxd3 27.Nxf7 Rxf7 28.Nxd3 Raf8 29.Nf2
Qe6 30.Ng4 Rxf1+ 31.Rxf1 Rxf1+ 32.Kxf1 Kh8 33.Qf3 Na5 34.Qf5 Qxf5+ 35.exf5 Nc4
36.Bc1 Bc5 37.Ke2 e4 38.Nh2 Ne5 39.Nf1 Nd3 40.Kd2 Bd6 41.Kd1 Kg8 42.g4 Kf7
43.Kc2 Nxc1 44.Kxc1 Bf4+ 45.Kc2 Kf6 46.c4 c5 47.b3 axb3+ 48.Kxb3 e3 49.Nxe3
Bxe3 50.Ka4 Bd2 {#R} 0-1

[Event "TCh-BEL 2016-17"]
[Site "masterchessopen.com Belgium BEL"]
[Date "2017.02.12"]
[Round "7.6"]
[White "Woudsma,M"]
[Black "Le Quang,K"]
[Result "0-1"]
[WhiteElo "2173"]
[BlackElo "2301"]

1.f4 d5 2.Nf3 g6 3.e3 Bg7 4.Be2 c5 5.O-O Nc6 6.d4 Nf6 7.c3 O-O 8.Qe1 cxd4
9.exd4 Ne4 10.Nbd2 f5 11.Ne5 Be6 12.Ndf3 Qc7 13.Qh4 Bf6 14.Qh6 Nd8 15.Be3 Nf7
16.Nxf7 Bxf7 17.Ne5 Be8 18.Rf3 e6 19.Rh3 Qg7 20.Qxg7+ Kxg7 21.g4 Ba4 22.g5
Bxe5 23.dxe5 Rfc8 24.Bd4 a6 25.Kg2 Bb5 26.Bd1 Nd2 27.Rh6 Bd3 28.h4 Be4+ 29.Kf2
Nc4 30.b3 Na3 31.Rc1 Rc6 32.Be2 Rac8 33.h5 Nc2 34.Rg1 Nxd4 35.cxd4 Rc2 36.Rg3
R8c3 37.Rxc3 Rxc3 38.hxg6 hxg6 39.Bd1 Rd3 40.Be2 Rd2 41.a4 Rxd4 42.Rh3 Bb1
43.Rh1 Ba2 44.Rc1 Rxf4+ 45.Kg3 Rb4 46.Rc7+ Kf8 47.Rc8+ Ke7 48.Rc7+ Kd8 49.Rg7
Rxb3+ 50.Kf4 Rb4+ 51.Kf3 Bc4 52.Bxc4 dxc4 53.Rxg6 c3 54.Ke2 Rd4 55.Rg8+ Kc7
56.Rg7+ Rd7 57.Rxd7+ Kxd7 58.a5 Ke7 59.Kd3 Kf7 60.Kxc3 Kg6 {#R} 0-1

[Event "TCh-BEL 2016-17"]
[Site "masterchessopen.com Belgium BEL"]
[Date "2017.02.12"]
[Round "7.2"]
[White "Ernst,S"]
[Black "Wemmers,X"]
[Result "1-0"]
[WhiteElo "2540"]
[BlackElo "2407"]

1.d4 Nf6 2.c4 e6 3.Nf3 Bb4+ 4.Nbd2 O-O 5.a3 Be7 6.e3 d5 7.Qc2 Nbd7 8.b4 a5
9.Rb1 axb4 10.axb4 c6 11.Bd3 Bd6 12.c5 Bc7 13.Bb2 Qe7 14.O-O e5 15.e4 dxe4
16.Nxe4 Nd5 17.Ng3 h6 18.Qd2 b6 19.Rfe1 bxc5 20.dxe5 N7b6 21.Nh5 c4 22.Bc2
Qxb4 23.Qd4 c3 24.Qd3 g6 25.e6 Qg4 26.Qxc3 f6 27.e7 Nxc3 28.Nxf6+ Rxf6
29.e8=Q+ Rf8 30.Qxc6 Nxb1 31.Bb3+ {#r} 1-0

[Event "TCh-BEL 2016-17"]
[Site "masterchessopen.com Belgium BEL"]
[Date "2017.02.12"]
[Round "7.3"]
[White "Ootes,La"]
[Black "Geirnaert,S"]
[Result "0-1"]
[WhiteElo "2412"]
[BlackElo "2436"]

1.g3 d5 2.Nf3 Nf6 3.Bg2 Bf5 4.d3 c6 5.Nbd2 h6 6.b3 e6 7.Bb2 Be7 8.Nd4 Bh7 9.e4
c5 10.Ne2 dxe4 11.dxe4 Nc6 12.Nf4 O-O 13.O-O Qc7 14.Nh5 Nxh5 15.Qxh5 Rfd8
16.Nc4 Nd4 17.c3 Nc6 18.Bc1 Bg6 19.Qe2 b5 20.Ne3 b4 21.Bb2 bxc3 22.Bxc3 Nd4
23.Qc4 Qb7 24.Nf5 Bf8 25.Bxd4 cxd4 26.e5 Qb6 27.Bxa8 Bxf5 28.Bf3 d3 29.a4 d2
30.a5 Qb8 31.Rfd1 Qxe5 32.Kg2 Bd3 33.Qf4 Qxf4 34.gxf4 Bc2 35.Rg1 Bxb3 36.Bd1
Bc4 37.Rb1 Bd6 38.Kf3 Bd5+ 39.Kg4 f5+ 40.Kh5 Kh7 41.a6 Bxf4 42.f3 Bxh2 43.Rg2
Bf4 44.Rb4 Bxf3+ 45.Bxf3 d1=Q 46.Rxf4 Qh1+ {#R} 0-1

[Event "TCh-BEL 2016-17"]
[Site "masterchessopen.com Belgium BEL"]
[Date "2017.02.12"]
[Round "7.5"]
[White "Diepeveen,V"]
[Black "Maenhout,T"]
[Result "1-0"]
[WhiteElo "2305"]
[BlackElo "2392"]

1.e4 c5 2.Nf3 d6 3.d4 cxd4 4.Nxd4 Nf6 5.Nc3 a6 6.Be2 e5 7.Nb3 Be7 8.g4 h6 9.h3
Be6 10.f4 exf4 11.Bxf4 Nc6 12.Qd2 Ne5 13.O-O-O Rc8 14.Kb1 b5 15.Nd5 Nxe4
16.Qe3 Bxd5 17.Rxd5 Nf6 18.Rd2 Qc7 19.Re1 O-O 20.h4 Nc4 21.Bxc4 bxc4 22.Nc1
Rfe8 23.g5 Bf8 24.Qg1 c3 25.Rxe8 Rxe8 26.Rg2 Nd5 27.gxh6 Nxf4 28.Rxg7+ Kh8
29.Rg8+ Kh7 30.Rxf8 {#r} 1-0

[Event "TCh-BEL 2016-17"]
[Site "masterchessopen.com Belgium BEL"]
[Date "2017.02.12"]
[Round "7.6"]
[White "Donovan,L"]
[Black "De Haan,E"]
[Result "1-0"]
[WhiteElo "2278"]
[BlackElo "2329"]

1.e4 c5 2.Nf3 e6 3.d4 cxd4 4.Nxd4 Nc6 5.Nc3 Qc7 6.Be3 a6 7.Qd2 Nf6 8.O-O-O Be7
9.f3 b5 10.g4 Nxd4 11.Bxd4 Bb7 12.g5 Nh5 13.Be5 Qxe5 14.Qxd7+ Kf8 15.Qxb7
Bxg5+ 16.Kb1 Qb8 17.Qc6 Qc8 18.Qb6 Bf6 19.Rd6 g6 20.Rc6 Qd7 21.Rc7 Qd2 22.Bh3
Bd8 23.Qc5+ Kg8 24.Rd1 Qg5 25.Qxg5 Bxg5 26.Rdd7 Nf4 27.Bf1 b4 28.Na4 Rd8
29.Bxa6 Kg7 30.Rxf7+ Kh6 31.Rfd7 Bf6 32.Nc5 Be5 33.Rb7 Bd4 34.Nd3 Ng2 35.Nxb4
Bc5 36.Nd3 Be3 37.Bc4 Rxd7 38.Rxd7 Rf8 39.Ne5 Bf4 40.Ng4+ Kg5 41.Rxh7 Rd8
42.a4 Rd1+ 43.Ka2 Rd2 44.c3 Nh4 45.Bxe6 Nxf3 46.h3 {#r} 1-0

[Event "TCh-BEL 2016-17"]
[Site "masterchessopen.com Belgium BEL"]
[Date "2017.02.12"]
[Round "7.7"]
[White "Hommerson,P"]
[Black "Verlinde,T"]
[Result "0-1"]
[WhiteElo "2222"]
[BlackElo "2202"]

1.e4 c5 2.Nf3 d6 3.d4 cxd4 4.Nxd4 Nf6 5.Nc3 a6 6.Be3 e5 7.Nb3 Be6 8.f3 Nbd7
9.Qd2 Be7 10.O-O-O O-O 11.Kb1 b5 12.Nd5 Bxd5 13.exd5 Nb6 14.Bxb6 Qxb6 15.Na5
Nxd5 16.Qxd5 Qxa5 17.c4 Rab8 18.cxb5 axb5 19.Bc4 Qb6 20.Bb3 Qc5 21.Qd3 Qb6
22.Rc1 Bg5 23.Rc2 Be3 24.h4 g6 25.h5 Kg7 26.g3 Qd4 27.Qe2 Rfc8 28.Rxc8 Rxc8
29.Qxb5 Qd2 30.Bc4 Rc5 31.Qa6 d5 32.hxg6 hxg6 33.Qb7 dxc4 34.Rh7+ Kxh7
35.Qxf7+ Kh6 36.Qf8+ Kh5 37.a3 c3 38.Qh8+ Bh6 {#R} 0-1

[Event "TCh-BEL 2016-17"]
[Site "masterchessopen.com Belgium BEL"]
[Date "2017.02.12"]
[Round "7.8"]
[White "Sterck,Arno"]
[Black "Baert,A"]
[Result "1-0"]
[WhiteElo "2191"]
[BlackElo "2188"]

1.e4 c5 2.Nf3 d6 3.d4 cxd4 4.Nxd4 Nf6 5.Nc3 a6 6.Bg5 e6 7.f4 Nbd7 8.Qe2 Qc7
9.O-O-O Be7 10.g4 h6 11.Bh4 g5 12.fxg5 hxg5 13.Bxg5 Ne5 14.Rg1 b5 15.a3 Bb7
16.Bd2 Qc5 17.Be1 O-O-O 18.Rg3 Kb8 19.h3 Nfd7 20.Nb3 Qc7 21.Na2 Nc4 22.Bc3
Nde5 23.Kb1 Bg5 24.Nb4 Bf4 25.Rgd3 Nxd3 26.cxd3 Ne5 27.Qf2 Bg5 28.Bd4 Rc8
29.Bb6 Qd7 30.Bg2 Bd8 31.Na5 Bxb6 32.Qxb6 Qc7 33.Nxa6+ {#r} 1-0

[Event "TCh-BEL 2016-17"]
[Site "masterchessopen.com Belgium BEL"]
[Date "2017.02.12"]
[Round "7.3"]
[White "Cekro,E"]
[Black "De Rover,YH"]
[Result "1-0"]
[WhiteElo "2408"]
[BlackElo "2338"]

1.c4 e5 2.g3 Nf6 3.Bg2 c6 4.Nf3 e4 5.Nd4 Qb6 6.e3 Bc5 7.Nb3 Be7 8.Nc3 d5
9.cxd5 cxd5 10.d3 O-O 11.O-O Bf5 12.Nxd5 Nxd5 13.dxe4 Nb4 14.exf5 Rd8 15.Bd2
N8c6 16.Qb1 a5 17.Bc3 Nd5 18.Bxd5 Rxd5 19.Rd1 Rad8 20.Rxd5 Rxd5 21.Qe4 Qd8
22.Nd4 Nb4 23.Bxb4 axb4 24.Rc1 Qd7 25.Rc8+ Qxc8 26.Qxd5 h6 27.Kg2 b6 28.Nc6
Bf8 29.e4 Kh7 30.f6 {#r} 1-0